000 01587nam a22001697a 4500
999 _c14827
_d14827
008 200109b ||||| |||| 00| 0 eng d
082 _22019
_aUT 1397
_bB64
100 _aBooc, Wowie D.
_941157
245 _aTracer Study in BSED Biological Science Batches 2013-2017/
_cWowie D. Booc and Sheridan Carta
260 _aDigos City
_bUMDC
_cNovember 2019
300 _a51 pages
_c30cm
520 _aThe target of this study was to trace the situation of the alumni of the University of Mindanao Digos College BSED Biological Science batches 2013-2017. Furthermore, this sought to know if graduates were currently working or not. Moreover, this research aimed to know the alumni’s present employment status, type of company/ industry they were working, job title position, monthly gross earning, and relevance of the curriculum to the job they were in. The study used a descriptive, qualitative, and, non-experimental research design. The fifty (50) participants were determined using a convenience sampling technique. The frequency distribution was used as a statistical tool to determine the number of participants who answered the survey questionnaire which was developed by the commission on Higher Education (CHED). The results showed that the employed graduates have a teaching job in both the public and private sectors and the job they were in was aligned with the curriculum they had taken in their college years.
650 _aEducation
_vBiological Science
_xUndergraduate Thesis
_941158
700 _aBooc, Wowie D.
_941157
700 _aCarta, Sheridan
_941159
942 _2ddc
_cUT